<?xml version="1.0" encoding="UTF-8"?><?xml-stylesheet type="text/xsl" href="static/style.xsl"?><OAI-PMH xmlns="http://www.openarchives.org/OAI/2.0/" xmlns:xsi="http://www.w3.org/2001/XMLSchema-instance" xsi:schemaLocation="http://www.openarchives.org/OAI/2.0/ http://www.openarchives.org/OAI/2.0/OAI-PMH.xsd"><responseDate>2026-04-17T15:52:12Z</responseDate><request verb="GetRecord" identifier="oai:www.recercat.cat:10459.1/83315" metadataPrefix="marc">https://recercat.cat/oai/request</request><GetRecord><record><header><identifier>oai:recercat.cat:10459.1/83315</identifier><datestamp>2024-12-05T22:16:28Z</datestamp><setSpec>com_2072_3622</setSpec><setSpec>col_2072_479130</setSpec></header><metadata><record xmlns="http://www.loc.gov/MARC21/slim" xmlns:dcterms="http://purl.org/dc/terms/" xmlns:xsi="http://www.w3.org/2001/XMLSchema-instance" xmlns:doc="http://www.lyncode.com/xoai" xsi:schemaLocation="http://www.loc.gov/MARC21/slim http://www.loc.gov/standards/marcxml/schema/MARC21slim.xsd">
   <leader>00925njm 22002777a 4500</leader>
   <datafield ind2=" " ind1=" " tag="042">
      <subfield code="a">dc</subfield>
   </datafield>
   <datafield ind2=" " ind1=" " tag="720">
      <subfield code="a">Rillo Albert, Aaron</subfield>
      <subfield code="e">author</subfield>
   </datafield>
   <datafield ind2=" " ind1=" " tag="720">
      <subfield code="a">Sáez de Ocáriz Granja, Unai</subfield>
      <subfield code="e">author</subfield>
   </datafield>
   <datafield ind2=" " ind1=" " tag="720">
      <subfield code="a">Lavega i Burgués, Pere</subfield>
      <subfield code="e">author</subfield>
   </datafield>
   <datafield ind2=" " ind1=" " tag="720">
      <subfield code="a">Costes i Rodríguez, Antoni</subfield>
      <subfield code="e">author</subfield>
   </datafield>
   <datafield ind2=" " ind1=" " tag="720">
      <subfield code="a">March Llanes, Jaume</subfield>
      <subfield code="e">author</subfield>
   </datafield>
   <datafield ind2=" " ind1=" " tag="260">
      <subfield code="c">2022-05-18T07:58:25Z</subfield>
   </datafield>
   <datafield ind2=" " ind1=" " tag="260">
      <subfield code="c">2022-05-18T07:58:25Z</subfield>
   </datafield>
   <datafield ind2=" " ind1=" " tag="260">
      <subfield code="c">2020</subfield>
   </datafield>
   <datafield ind2=" " ind1=" " tag="520">
      <subfield code="a">En la actualidad la educación de las relaciones interpersonales es uno de los principales retos, atendiendo la diversidad de alumnado. La teoría de metas de logro y la teoría de la autodeterminación ofrecen criterios para relacionar el clima motivacional con la convivencia escolar. El objetivo de este estudio fue examinar los efectos de una intervención educativa con juegos tradicionales de cooperación-oposición (JTCOP) con competición, mediante el aprendizaje cooperativo y la reflexión sobre el clima motivacional orientado hacia una mejora de la convivencia escolar. Participaron 287 (M = 14.90; DT = 0.66) estudiantes de tercero y cuarto curso de Educación Secundaria. Se realizó una experiencia de siete sesiones (una sesión introductoria y seis sesiones utilizando JTCOP). Al inicio y al final de la experiencia, el alumnado contestó el cuestionario del clima motivacional de los iguales en el deporte (PeerMCYSQ). Los resultados mostraron diferencias significativas entre fases, siendo superiores los valores de los chicos en los factores tarea, competición/habilidad y conflicto. Esta experiencia ofrece a los docentes evidencias para favorecer la educación de la convivencia escolar. Palabras clave: convivencia escolar, cooperación-oposición, clima motivacional, aprendizaje cooperativo. Abstract Nowadays, the education of interpersonal relations is one of the main challenges, attending to the diversity of students. The theory of achievement goals and the theory of self-determination offer criteria for relating motivational climate with school coexistence. The aim of this study was to examine the effects of an educational intervention with traditional games of cooperation-opposition (TGCOP) with competition, through cooperative learning and reflection on the motivational climate aimed at improving school coexistence. It was attended by 287 (M = 14.90; SD = 0.66) students from the third and fourth year of Secondary Education. A seven-session experience was conducted (an introductory session and six sessions using TGCOP) was carried out. At the beginning and end of the experience, the students answered the questionnaire on the motivational climate of peers in sport (PeerMCYSQ). The results showed significant differences between phases, with boys’ values being higher in task, competition/ability and conflict factors. This experience offers teachers evidence to favor education for school coexistence.</subfield>
   </datafield>
   <datafield ind1="8" ind2=" " tag="024">
      <subfield code="a">http://hdl.handle.net/10459.1/83315</subfield>
   </datafield>
   <datafield tag="653" ind2=" " ind1=" ">
      <subfield code="a">Convivencia escolar</subfield>
   </datafield>
   <datafield tag="653" ind2=" " ind1=" ">
      <subfield code="a">Cooperación-oposición</subfield>
   </datafield>
   <datafield tag="653" ind2=" " ind1=" ">
      <subfield code="a">Clima motivacional</subfield>
   </datafield>
   <datafield tag="653" ind2=" " ind1=" ">
      <subfield code="a">Aprendizaje cooperativo</subfield>
   </datafield>
   <datafield tag="653" ind2=" " ind1=" ">
      <subfield code="a">School coexistence</subfield>
   </datafield>
   <datafield tag="653" ind2=" " ind1=" ">
      <subfield code="a">Motor action domains</subfield>
   </datafield>
   <datafield tag="653" ind2=" " ind1=" ">
      <subfield code="a">Basic emotions</subfield>
   </datafield>
   <datafield tag="653" ind2=" " ind1=" ">
      <subfield code="a">Game</subfield>
   </datafield>
   <datafield tag="653" ind2=" " ind1=" ">
      <subfield code="a">Cooperative Learning</subfield>
   </datafield>
   <datafield ind2="0" ind1="0" tag="245">
      <subfield code="a">Educar la Convivencia Escolar a Través de Juegos Tradicionales de Cooperación-Oposición</subfield>
   </datafield>
</record></metadata></record></GetRecord></OAI-PMH>